000 00635nam a2200229 a 4500
005 20140310183343.0
008 070119s19uu xx 00 eng d
020 _a90064705
050 _aQA 76.76
_b.M174 2003
245 _aMacromedia Authorware 7 :
_busing Authoware 7. /
260 _aSan Francisco, California :
_bMacromedia, Inc,
_c2003.
300 _a286 p. :
_bill. ;
_c25 cm.
650 _aComputer
_xassisted instruction
_xAuthoring programs
_xSoftware.
942 _cBK
_2lcc
_kFOR
999 _c21886
_d21886